|
|
|
|
| LEADER |
00000nam a22000007a 4500 |
| 005 |
20220216224557.0 |
| 007 |
cr|||| |||| |
| 008 |
220216s2008 co |||||s|||| 00||0 spa d |
| 020 |
|
|
|a 9781449276003
|
| 035 |
|
|
|a 35846
|
| 040 |
|
|
|a vLex
|
| 090 |
|
|
|c 13015
|d 13015
|
| 100 |
1 |
|
|a Pr̀amo Morales, Dagoberto
|
| 245 |
1 |
0 |
|a Cultura organizacional y estilos de direccin̤ orientados al mercado
|h [Recurso electrn̤ico] /
|c Dagoberto Pr̀amo Morales, Ela̕s Ramr̕ez Plazas, Alfonso Rodrg̕uez Ramr̕ez
|
| 256 |
|
|
|a Servicio en ln̕ea
|
| 260 |
|
|
|a Bogot:̀
|b ECOE,
|c 2008
|
| 300 |
|
|
|a 1 recurso electrn̤ico
|
| 506 |
1 |
|
|a Disponible solo en los productos indicados
|d vLex Global
|d vLex Global (Academic Edition, excluding Law Schools)
|d vLex Global (U.S. Academic Edition, Law Schools)
|d vLex Global (U.S. Academic Edition, excluding Law Schools)
|d vLex Global (Academic Edition, Law Schools)
|
| 650 |
0 |
4 |
|a Administracin̤ (Management)
|z Colombia
|
| 700 |
1 |
|
|a Ramr̕ez Plazas, Ela̕s
|
| 700 |
1 |
|
|a Rodrg̕uez Ramr̕ez, Alfonso
|
| 740 |
0 |
|
|a vLex Libros (Servicio en ln̕ea)
|
| 856 |
4 |
0 |
|u https://app.vlex.com/#/sources/35846
|z Acceso restringido
|
| 942 |
|
|
|c BOOK
|
| 999 |
0 |
|
|a Management
|